000 00383 a2200169 4500
001 72637
020 _a8516004708
040 _cAnchieta - Colégio São Paulo
100 _aMott, Odette de Barros
240 1 0 _aO mercador de sonhos
_lpor
245 1 0 _aO mercador de sonhos
300 _a78
362 0 _a1997
440 1 _aModerna
650 4 _aLiteratura juvenil
942 _cBK
999 _c72637
_d72637